Laddar...
Chandralekha /
| Huvudupphovsman: | |
|---|---|
| Språk: | Undetermined |
| Publicerad: |
1923.
|
| LEADER | 00368nam a2200121Ia 4500 | ||
|---|---|---|---|
| 001 | 61502 | ||
| 008 | 170722s9999 xx 000 0 und d | ||
| 100 | |a Sivashankara Pillai, N. | ||
| 245 | |a Chandralekha / | ||
| 260 | |c 1923. | ||
| 942 | |c GEN | ||
| 999 | |c 41996 |d 41996 | ||
| 952 | |0 0 |1 0 |4 0 |6 O_323MSIC_F3_KR |7 0 |9 57206 |a LIB |b LIB |d 2017-08-12 |o O32,3MSI,C F3 (KR) |p 42211 |r 2017-08-12 |w 2017-08-12 |y GEN | ||